| 000 | 00574nam a2200229Ia 4500 | ||
|---|---|---|---|
| 003 | IT-RoPAU | ||
| 008 | 120407s9999 xx 000 0 und d | ||
| 040 | _aIT-RoPAU | ||
| 040 | _cIT-RoPAU | ||
| 041 | _aita | ||
| 100 | _aGuido Bosio | ||
| 245 | _aMartiri in Cina. Mons. Luigi Versiglia e Don Callisto Caravario, nei loro scritti e nelle testimonianze di coetanei. Profilo storico. | ||
| 250 | _aTorino | ||
| 260 | _aElle Di Ci | ||
| 260 | _c1977 | ||
| 300 | _a483 p. | ||
| 300 | _c24 cm | ||
| 490 | _aBiografie | ||
| 490 | _v3 | ||
| 942 | _cBK | ||
| 999 |
_c35111 _d35111 |
||